000 00673nam a22002177a 4500
003 UA-OsUOA
001 65349
007 ta
008 20091124b un ||||| |||| 00| 0 ukr d
100 _aПахльовська О.
090 _a82
_bП21
942 _cSA
040 _aUA-OsUOA
_bukr
_cUA-OsUOA
_dUA-OsUOA
245 _aУкраїнець на "Каїновій землі": російська "антигоголівська " полеміка та Євген Маланюк про Гоголя
300 _aС.6
955 _a0
041 _aukr
080 _a82
773 0 _w65348
650 7 _a82 Література. Літературознавство
_2UDC
999 _c351472
_d351472